Statistics for Video Game Engines

Click here to take the quiz!

General Stats

  • This quiz has been taken 5 times
  • The average score is 4 of 16

Answer Stats

Answer% Correct
Unity
80%
Unreal
80%
Source
60%
CryEngine
40%
GameMaker
40%
RAGE
40%
Gamebryo
20%
idTech
20%
RED
20%
Decima
0%
Fox
0%
Genie
0%
MT Framework
0%
RenderWare
0%
RPG Maker
0%
UbiArt Framework
0%

Score Distribution

Percentile by Number Answered

Percent of People with Each Score

Your Score History

You have not taken this quiz